000 00613nam a2200193 a 4500
005 20140310183513.0
008 101106s19uu xx 00 eng d
020 _a978047041644
050 _aTK 5105.888
_bG131 2009
100 _aGalbraith, Patrick
245 _aDeveloping web applications with apache, MySQL, memcached, and Peri. /
_cPatrick Galbraith
260 _aCanada :
_bWiley Pub., Inc,
_c2009.
300 _a855 p. :
_bill. ;
_c24 cm.
521 _aIT
650 _aSQL( Computer program language).
650 _aApplication software- development.
942 _cBK
_2lcc
_kFOR
999 _c24227
_d24227